| 000 | 01101nam a22002537a 4500 | ||
|---|---|---|---|
| 005 | 20180315102258.0 | ||
| 010 | _a1617EN ENG-117239 | ||
| 020 |
_a9789384082710 _c1495.00 |
||
| 035 | _aB-650295-301 | ||
| 035 | _aB-664677 | ||
| 035 | _aEN-100771 | ||
| 037 |
_adpl _bBSB |
||
| 082 | _a970.004914 | ||
| 245 |
_aAt the crossroads of culture and literature / _cedited by Suchorita Chattopadhyay [and] Debashree Dattaray |
||
| 260 |
_aDelhi _bPrimus Books _c2016 |
||
| 270 |
_aVirat Bhawan, Mukherjee Nagar Commercial Complex _bDelhi _e110009 |
||
| 300 |
_aviii,191p. _c25cm(Hb) |
||
| 500 | _aIncludes index | ||
| 700 | _aChattopadhyay, Suchorita | ||
| 700 | _aDattaray, Debashree | ||
| 942 |
_2ddc _cEN _mCRO _h970.004914 |
||
| 999 |
_c102459 _d102459 |
||